El ALCA y los derechos de las mujeres un horizonte de negociaciones : (Registro nro. 5026)
[ vista simple ]
| 000 -LEADER | |
|---|---|
| fixed length control field | 01329nam a2200265Ia 4500 |
| 003 - CONTROL NUMBER IDENTIFIER | |
| control field | OSt |
| 005 - DATE AND TIME OF LATEST TRANSACTION | |
| control field | 20200430115614.0 |
| 008 - FIXED-LENGTH DATA ELEMENTS--GENERAL INFORMATION | |
| fixed length control field | 191128s2004 ck gr 000 0dspa d |
| 020 ## - INTERNATIONAL STANDARD BOOK NUMBER | |
| International Standard Book Number | 9589262449 |
| 040 ## - CATALOGING SOURCE | |
| Original cataloging agency | CO-JMCR |
| Transcribing agency | CO-JMCR |
| 041 0# - LANGUAGE CODE | |
| Language code of text/sound track or separate title | spa |
| 082 04 - DEWEY DECIMAL CLASSIFICATION NUMBER | |
| Classification number | 305.43 / |
| Item number | S151a |
| 100 1# - MAIN ENTRY--PERSONAL NAME | |
| Personal name | Sánchez, Olga Amparo, |
| Relator term | autora |
| 9 (RLIN) | 3776 |
| 245 10 - TITLE STATEMENT | |
| Title | El ALCA y los derechos de las mujeres un horizonte de negociaciones : |
| Remainder of title | un horizonte de negaciones / |
| Statement of responsibility, etc. | Olga Amparo Sánchez y Clara Elena Cardona |
| 260 ## - PUBLICATION, DISTRIBUTION, ETC. | |
| Place of publication, distribution, etc. | Bogotá : |
| Name of publisher, distributor, etc. | Plataforma Colombiana de Derechos Humanos, Democracia y Desarrollo, |
| Date of publication, distribution, etc. | 2014 |
| 300 ## - PHYSICAL DESCRIPTION | |
| Extent | 131 páginas ; |
| Dimensions | 17 cm. |
| 490 0# - SERIES STATEMENT | |
| Series statement | Alcatemas |
| 504 ## - BIBLIOGRAPHY, ETC. NOTE | |
| Bibliography, etc. note | Incluye bibliográfia. |
| 505 ## - FORMATTED CONTENTS NOTE | |
| Formatted contents note | Feminismo y patriarcado : sistemas de análisis -- Las mujeres y la globalización económica -- Impactos del ALCA en los derechos de las mujeres -- Las maquilas |
| 520 ## - SUMMARY, ETC. | |
| Summary, etc. | En las últimas décadas del siglo veinte surgieron y se desarrollaron desde la teoría feminista nuevos enfoques en economía y críticas a los paradigmas tradicionales, por tener básicamente un sesgo androcéntrico tanto en los conceptos como en las categoría |
| 650 14 - SUBJECT ADDED ENTRY--TOPICAL TERM | |
| Topical term or geographic name entry element | ALCA Relaciones económicas |
| 9 (RLIN) | 3777 |
| 650 24 - SUBJECT ADDED ENTRY--TOPICAL TERM | |
| Topical term or geographic name entry element | Capitalismo Derechos económicos |
| 9 (RLIN) | 3778 |
| 700 1# - ADDED ENTRY--PERSONAL NAME | |
| Personal name | Cardona, Carmen Elena, |
| Relator term | autora |
| 9 (RLIN) | 3779 |
| 942 ## - ADDED ENTRY ELEMENTS (KOHA) | |
| Source of classification or shelving scheme | Dewey Decimal Classification |
| Koha item type | Books |
| Withdrawn status | Lost status | Source of classification or shelving scheme | Materials specified (bound volume or other part) | Damaged status | Not for loan | Home library | Current library | Shelving location | Date acquired | Source of acquisition | Cost, normal purchase price | Total Checkouts | Full call number | Barcode | Date last seen | Date last checked out | Copy number | Price effective from | Koha item type |
|---|---|---|---|---|---|---|---|---|---|---|---|---|---|---|---|---|---|---|---|
| Dewey Decimal Classification | Donación--15/04/2018-- | Biblioteca Pública José María del Castillo y Rada | Biblioteca Pública José María del Castillo y Rada | General Stacks | 11/28/2019 | Donación | 0.00 | 1 | 305.43 / S151a | 430001164 | 04/06/2026 | 04/06/2026 | Ej.1 | 11/28/2019 | Books |